Study on land transfer in khan sensok, phnom penh; សិក្សាពីការផ្ទេរសិទ្ធិដីធ្លីនៅខណ្ឌសែនសុខ រាជធានីភ្នំពេញ (Record no. 10818)
[ view plain ]
| 000 -LEADER | |
|---|---|
| fixed length control field | 00620nam a22001577a 4500 |
| 003 - CONTROL NUMBER IDENTIFIER | |
| control field | OSt |
| 005 - DATE AND TIME OF LATEST TRANSACTION | |
| control field | 20161110110558.0 |
| 008 - FIXED-LENGTH DATA ELEMENTS--GENERAL INFORMATION | |
| fixed length control field | 161110b xxu||||| |||| 00| 0 eng d |
| 040 ## - CATALOGING SOURCE | |
| Transcribing agency | RUA |
| 082 ## - DEWEY DECIMAL CLASSIFICATION NUMBER | |
| Classification number | LMA NAK 2015 B529 Or.1 |
| 100 ## - MAIN ENTRY--PERSONAL NAME | |
| 9 (RLIN) | 11246 |
| Personal name | NAK sreykunthea; ណាក ស្រីគន្ធា |
| 245 ## - TITLE STATEMENT | |
| Title | Study on land transfer in khan sensok, phnom penh; សិក្សាពីការផ្ទេរសិទ្ធិដីធ្លីនៅខណ្ឌសែនសុខ រាជធានីភ្នំពេញ |
| 260 ## - PUBLICATION, DISTRIBUTION, ETC. (IMPRINT) | |
| Place of publication, distribution, etc. | PHNOM PENH |
| Name of publisher, distributor, etc. | NAK |
| Date of publication, distribution, etc. | 2015 |
| 300 ## - PHYSICAL DESCRIPTION | |
| Extent | x;37p. |
| Other physical details | ill. |
| Dimensions | 29cm. |
| 942 ## - ADDED ENTRY ELEMENTS (KOHA) | |
| Source of classification or shelving scheme | |
| Koha item type | LMA |
| Price effective from | Date last seen | Permanent Location | Not for loan | Date acquired | Source of classification or shelving scheme | Koha item type | Lost status | Withdrawn status | Date last checked out | Total Checkouts | Shelving location | Damaged status | Barcode | Current Location | Full call number |
|---|---|---|---|---|---|---|---|---|---|---|---|---|---|---|---|
| 2016-11-10 | 2016-11-10 | Library Block B | 2016-11-10 | LMA | B529 | A03200 | Library Block B | LMA NAK 2015 B529 Or.1 | |||||||
| 2016-11-10 | 2016-11-10 | Library Block B | 2016-11-10 | LMA | B529 | A03279 | Library Block B | LMA NAK 2015 B529 Or.2 | |||||||
| 2016-11-10 | 2016-11-10 | Library Block B | 2016-11-10 | LMA | B529 | A03202 | Library Block B | LMA NAK 2015 B529 Or.3 | |||||||
| 2016-11-10 | 2016-11-10 | Library Block B | 2016-11-10 | LMA | B529 | A03201 | Library Block B | LMA NAK 2015 B529 Or.4 | |||||||
| 2016-11-10 | 2016-11-10 | Library Block B | 2016-11-10 | LMA | B529 | A03054 | Library Block B | LMA NAK 2015 B529 Or.5 | |||||||
| 2016-11-10 | 2021-09-06 | Library Block B | 2016-11-10 | LMA | 2021-08-31 | 1 | B529 | A03249 | Library Block B | LMA NAK 2015 B529 Or.6 | |||||
| 2016-11-10 | 2016-11-10 | Library Block B | 2016-11-10 | LMA | B529 | A03376 | Library Block B | LMA NAK 2015 B529 Or.7 | |||||||
| 2016-11-10 | 2017-08-26 | Library Block B | 2016-11-10 | LMA | 2017-02-15 | 1 | B529 | A03283 | Library Block B | LMA NAK 2015 B529 Or.8 |